La juventud en Iberoamérica: tendencias y urgencias
| פורמט: | ספר |
|---|---|
| שפה: | ספרדית |
| יצא לאור: |
Santiago, Chile :
CEPAL,
2004
|
| נושאים: |
MARC
| LEADER | 00000nam a2200000Ia 4500 | ||
|---|---|---|---|
| 008 | 180925b2004 cl ||||| |||| 00| | spa d | ||
| 999 | |c 2450 |d 2450 | ||
| 090 | |b CD #170 | ||
| 245 | 1 | 3 | |a La juventud en Iberoamérica: tendencias y urgencias |
| 260 | |a Santiago, Chile : |b CEPAL, |c 2004 | ||
| 300 | |a disco compacto | ||
| 650 | 1 | 4 | |a TRABAJADORES JÓVENES |9 2092 |
| 650 | 1 | 4 | |a ASPECTOS DEMOGRÁFICOS |9 362 |
| 650 | 1 | 4 | |a MIGRACIÓN |9 323 |
| 650 | 1 | 4 | |a ASPECTOS SOCIALES |9 576 |
| 942 | |i 002550 |h CD #170 |2 z |c 08 | ||
